Missing Word: Initialisms Quiz Stats

 Plays Quiz Updated Oct 8, 2018

Also try: Chat Acronyms
Challenge
Share
Tweet
Embed
Score 0/24 Timer 03:00
5 Plays Today
Phrase Word % Correct
Federal Bureau of ____Investigation
89.7%
____ Against Drunk DrivingMothers
86.3%
North American Free ____ AgreementTrade
82.3%
Self-contained Underwater Breathing ____Apparatus
73.5%
____ Picture Association of AmericaMotion
72.8%
Absent Without ____Leave
72.6%
____ of Soviet Socialist RepublicsUnion
69.9%
Acquired Immune ____ SyndromeDeficiency
68.2%
National Association for the ____ of Colored PeopleAdvancement
67.1%
National ____ Athletic AssociationCollegiate
64.8%
North ____ Treaty OrganizationAtlantic
63.6%
American ____ Liberties UnionCivil
62.3%
Phrase Word % Correct
People for the ____ Treatment of AnimalsEthical
61.9%
____ Weapons and TacticsSpecial
56.2%
National Association for Stock Car ____ RacingAuto
54.6%
Reserve Officers' Training ____Corps
54.1%
Hyper-____ Markup LanguageText
52.4%
Organization of Petroleum ____ CountriesExporting
44.4%
International Standard ____ NumberBook
41.3%
Cardiopulmonary ____Resuscitation
36.8%
Light Amplification by Stimulated Emission of ____Radiation
34.7%
Entertainment and Sports ____ NetworkProgramming
33.7%
Medical College ____ TestAdmission
26.2%
Joint ____ Experts GroupPhotographic
6.2%

Today's Daily Dose

You're not logged in!

Compare scores with friends on all Sporcle quizzes.
Join for Free
OR
Log In

You Might Also Like...

Show Comments

Extras

Top Quizzes Today


Score Distribution

Your Account Isn't Verified!

In order to create a playlist on Sporcle, you need to verify the email address you used during registration. Go to your Sporcle Settings to finish the process.

Report this User

Report this user for behavior that violates our Community Guidelines.

Details: